Constitución y leyes políticas de la República de Chile vijentes en 1881
Furkejuvvon:
| Materiálatiipa: | Girji |
|---|---|
| Giella: | espánnjágiella |
| Almmustuhtton: |
Santiago
Gutenberg
1881
|
| Fáttát: | |
| Fáddágilkorat: |
Lasit fáddágilkoriid
Eai fáddágilkorat, Lasit vuosttaš fáddágilkora!
|
MARC
| LEADER | 00000nam a2200000 a 4500 | ||
|---|---|---|---|
| 001 | UCR4287 | ||
| 003 | CL-VaPUC | ||
| 008 | 980307e18810000CL |||||||||||||||||spa|d | ||
| 082 | 0 | 4 | |a 342.83 |b CON |2 21 |
| 245 | 1 | 0 | |a Constitución y leyes políticas de la República de Chile vijentes en 1881 |
| 300 | |a 402 p | ||
| 942 | |c BK | ||
| 945 | |d 19980307 00:00:00 |a crobeson | ||
| 260 | |a Santiago |b Gutenberg |c 1881 | ||
| 600 | 0 | 7 | |a CONSTITUCION POLITICA DE 1833 |2 CL-VaPUC |9 333050 |
| 650 | 7 | |a DERECHO CHILENO |2 CL-VaPUC |9 404148 | |
| 650 | 0 | |a Derecho constitucional |9 222588 | |
| 650 | 7 | |a REGLAMENTOS |2 CL-VaPUC |9 259254 | |
| 651 | 7 | |a CHILE |2 CL-VaPUC |9 404149 | |
| 583 | |a last modification |c 19980307 00:00:00 |k Rodrigo Vera | ||
| 999 | |c 267233 |d 267231 | ||
| 952 | |0 0 |1 0 |2 ddc |4 0 |5 1 |6 342_830000000000000_CON_1881 |7 1 |8 C_LRYV |9 299466 |a FDOBRV |b BIBDER |d 2019-11-20 |i 1948997 |o 342.83 CON 1881 |p 1948997 |r 2023-01-25 |w 2019-11-20 |y BK_X |k BRV | ||